00782pam a2200241 a 45000010008000000030004000080050017000120080041000290100017000700200015000870400018001020500022001200820017001421000022001592450062001812500012002432600055002553000063003105000045003735040064004186500013004827000045004953505357OSt20231122101022.0950419s1996 njuab b 001 0 eng  a 95017406  a0132219395 aDLCcDLCdDLC00aQH541b.S674 199600a574.5bSTI/E1 aStiling, Peter D.10aEcology :btheories and applications /cPeter D. Stiling. a2nd ed. aUpper Saddle River, N.J. :bPrentice Hall,cc1996. axx, 539 p. :bill. (some col.), maps (some col.) ;c24 cm. aRev. ed. of: Introductory ecology. 1992. aIncludes bibliographical references (p. 464-514) and index. 0aEcology.1 aStiling, Peter D.tIntroductory ecology.